| 000 | 00593nam a22001937a 4500 | ||
|---|---|---|---|
| 005 | 20151215104341.0 | ||
| 008 | a050610s2003 sp a 000 0 spa u | ||
| 020 | _a8493281131 | ||
| 100 | 1 | _aBoon, June A. | |
| 245 | 1 | 0 |
_aEcocardiografía en dos dimensiones y en modo-M para el clínico de pequeños animales / _cJune A. Boon |
| 250 | _a1a.ed. | ||
| 260 |
_aBarcelona : _bMultimédica, _c2003 |
||
| 300 |
_a99 p. : _bil. ; _c21 cm. |
||
| 504 | _aIncluye bibliografía | ||
| 506 | _aRec. DGB. | ||
| 650 | 4 | _aEcocardiografía veterinaria | |
| 942 |
_2lcc _cLIB |
||
| 999 |
_c55344 _d55344 |
||